African Countries Starting with C - Statistics

General Stats
  • This quiz has been taken 64 times
  • The average score is 5 of 6
Answer Stats
Country % Correct
Cameroon
95%
Chad
93%
Comoros
90%
Cape Verde
80%
Central African Republic
78%
Cote d'Ivoire
55%
No matching quizzes found
Score Distribution
Percent of People with Each Score
Percentile by Number Answered
Your Score History
You have not taken this quiz